000 00326nam a22001337a 4500
008 170828b xxu||||| |||| 00| 0 eng d
020 _a9771318322009
041 _aeng
080 _a070
100 _a39
101 _aMED
245 _aTHE PUBLIC JAVNOST THE JOURNAL THE COMMUNICATE
_cGRIPSNUD.J
942 _2udc
_cBK
999 _c25149
_d25149